Normal view
MARC view
- Principal Prof.Ghulam Sarwar
Entry Personal Name
001 - CONTROL NUMBER
- control field: 109646
003 - CONTROL NUMBER IDENTIFIER
- control field: NUST
005 - DATE AND TIME OF LATEST TRANSACTION
- control field: 20230228143438.0
008 - FIXED-LENGTH DATA ELEMENTS
- fixed length control field: 230228|| aca||aabn | a|a d
040 ## - CATALOGING SOURCE
- Original cataloging agency: NUST
- Transcribing agency: NUST
100 ## - HEADING--PERSONAL NAME
- Personal name: Principal Prof.Ghulam Sarwar
670 ## - SOURCE DATA FOUND
- Source citation: Work cat.: (NUST)196506: Principal Prof.Ghulam Sarwar, Sir Syedian / سر سیدین (English & Urdu) /, 2003
